[Event "Gausdal Int"]
[Site "Gausdal"]
[Date "1993.??.??"]
[Round "5"]
[White "Bergstrom, Rolf"]
[Black "Engqvist, Thomas"]
[Result "1-0"]
[WhiteElo "2255"]
[BlackElo "2420"]

1.e4 c5 2.c3 Nf6 3.e5 Nd5 4.d4 cxd4 5.Nf3 e6 6.cxd4 d6 7.Bc4 Nb6 8.Bb3 Nc6
9.O-O Be7 10.Nc3 O-O 11.Qe2 dxe5 12.dxe5 Nd4 13.Nxd4 Qxd4 14.Rd1 Qh4 15.Rd3 Nd5
16.Nxd5 exd5 17.Bxd5 Bf5 18.Rd1 Rac8 19.Bb3 Bc5 20.Be3 Rfe8 21.Qf3 Qe4 22.Qxe4 Bxe4
23.Bxc5 Rxc5 24.Rd7 Rf8 25.Re1 Bc6 26.Rc7 Rb5 27.f3 Rb4 28.Rd1 g6 29.Kf2 a5
30.e6 fxe6 31.Bxe6+ Kh8 32.b3 Rbf4 33.Bc4 a4 34.Re1 axb3 35.axb3 Rd8 36.Ree7 Rh4
37.Kg3 g5 38.h3 Rh5 39.Re5 Rd7 40.Rc8+ Kg7 41.Rg8+ Kf6 42.Re6+ Kf5 43.Rf8+ Rf7
44.Rxf7+  1-0

[Event "Troll Masters"]
[Site "Gausdal"]
[Date "1993.??.??"]
[Round "6"]
[White "Grivas, Efstratios"]
[Black "Kotronias, Vasilios"]
[Result "1/2-1/2"]
[WhiteElo "2485"]
[BlackElo "2530"]

1.e4 c5 2.c3 Nf6 3.e5 Nd5 4.d4 cxd4 5.Nf3 Nc6 6.cxd4 d6 7.Nc3 dxe5 8.dxe5 Nxc3
9.Qxd8+ Nxd8 10.bxc3 Bd7 11.Be3 e6 12.a4 a6  1/2-1/2

[Event "Gausdal Int"]
[Site "Gausdal"]
[Date "1993.??.??"]
[Round "8"]
[White "Bergstrom, Rolf"]
[Black "Rashkovsky, Nukhim N"]
[Result "0-1"]
[WhiteElo "2255"]
[BlackElo "2530"]

1.e4 c5 2.c3 Nf6 3.e5 Nd5 4.d4 cxd4 5.Nf3 Nc6 6.Bc4 Nb6 7.Bb3 d5 8.exd6 Qxd6
9.O-O Be6 10.Bxe6 Qxe6 11.Nxd4 Nxd4 12.cxd4 Qd7 13.Nc3 e6 14.Qg4 f5 15.Qf3 Bb4
16.d5 Nxd5 17.Nxd5 Qxd5 18.Qh5+ g6 19.Qh6 Bf8 20.Qh4 Bg7 21.Bh6 Bxh6 22.Qxh6 O-O-O
23.Qg7 Qd7 24.Qe5 Qd6 25.Qg7 Rhg8 26.Qf6 e5 27.Qf7 e4 28.h3 Qd7 29.Qf6 Rge8
30.Rac1+ Kb8 31.Qh4 Qe7 32.Qf4+ Qe5 33.Qh6 Rd7 34.Rc3 Red8 35.g3 a6 36.Qc1 Rd3
37.Rc5 Qd6 38.Kh2 e3 39.Rc2 Rd2 40.Kg1 e2 41.Re1 Rd1  0-1

[Event "Troll Masters"]
[Site "Gausdal"]
[Date "1993.??.??"]
[Round "9"]
[White "Rausis, Igors"]
[Black "Fossan, Erik"]
[Result "1-0"]
[WhiteElo "2560"]
[BlackElo "2325"]

1.e4 c5 2.c3 Nf6 3.e5 Nd5 4.d4 cxd4 5.cxd4 d6 6.Nf3 Nc6 7.Bc4 Nb6 8.Bb3 dxe5
9.d5 Na5 10.Nc3 Nxb3 11.Qxb3 e6 12.Nxe5 exd5 13.Be3 Bd6 14.Qb5+ Kf8 15.O-O-O Be6
16.f4 g6 17.Bd4 f6 18.Nd3 Rc8 19.Kb1 Rc4 20.Nc5 Bf5+ 21.Ka1 Qc8 22.Nb3 Kg7
23.Nxd5 Nxd5 24.Qxd5 Rd8 25.Rhe1 Bc2 26.Bxf6+ Kxf6 27.Qg5+ Kf7 28.Rxd6 Rxd6
29.Qe7+ Kg8 30.Qxd6 Bxb3 31.axb3 Rc1+ 32.Rxc1 Qxc1+ 33.Ka2 Qc8 34.Qd5+ Kg7
35.Qd4+ Kh6 36.Qe3 Qf5 37.Qd2 a6 38.h3 Qb5 39.g4 Kg7 40.Qd4+ Kh6 41.g5+ Kh5
42.Qd1+  1-0

[Event "BL2-S9293"]
[Site "Germany"]
[Date "1993.??.??"]
[Round "?"]
[White "Roeder, Frank"]
[Black "Siegel, Georg"]
[Result "0-1"]
[WhiteElo "2390"]
[BlackElo "2285"]

1.e4 c5 2.c3 Nf6 3.e5 Nd5 4.d4 cxd4 5.cxd4 b6 6.Nc3 Nxc3 7.bxc3 Bb7 8.f4 Qc7
9.Bd2 e6 10.Nf3 Be7 11.Bd3 Ba6 12.Bxa6 Nxa6 13.Qe2 Qb7 14.O-O Nc7 15.a4 O-O
16.c4 Ne8 17.Rfb1 Qc6 18.Qd3 d5 19.exd6 Nxd6 20.Bb4 Rac8 21.Ne5 Qc7 22.d5 exd5
23.cxd5 Rfe8 24.Nc6 Bf6 25.Ra2 Ne4 26.g3 Qd7 27.Rd1 a5 28.Be1 Qg4 29.Kg2 h5
30.Qf3 Qf5 31.Qd3 h4 32.Re2 Qh5 33.Bf2 Nxf2 34.Rxf2 Re3 35.Qxe3 h3+ 36.Kf1 Qxd1+
37.Qe1 Qxd5 38.Ne5 Qh1+ 39.Ke2 Rc2+ 40.Kd1 Rc1+  0-1

[Event "BL2-S9293"]
[Site "Germany"]
[Date "1993.??.??"]
[Round "?"]
[White "Mohrlok, Dieter"]
[Black "Klebel, Martin"]
[Result "1/2-1/2"]
[WhiteElo "2420"]
[BlackElo "2410"]

1.e4 c5 2.c3 Nf6 3.e5 Nd5 4.Nf3 e6 5.Bc4 Nb6 6.Bb3 d6 7.O-O Nc6 8.exd6 Bxd6
9.d4 O-O 10.Qe2 Bd7 11.dxc5 Bxc5 12.Nbd2 Qc7 13.Ne4 Ne7 14.Re1 Nf5 15.Nxc5 Qxc5
16.a4 Bc6 17.a5 Nd7 18.Bf4 Qb5 19.Bc4 Bxf3 20.Bxb5 Bxe2 21.Rxe2 Nf6 22.Rd1 a6
23.Ba4 Rfd8 24.f3 Rxd1+ 25.Bxd1 Nd5 26.Bd2 Rc8 27.Bb3 Rc5 28.Kf2 Nd6 29.Re5 Nc4
30.Bxc4 Rxc4 31.Ke2 Rc5 32.f4 Rc6 33.Re4 f5 34.Rd4 Kf7 35.c4 Nf6 36.b3 Ke8
37.Be1 Ne4 38.b4 h6 39.g3 Ke7 40.Bd2 Rc8 41.Be3 h5 42.Bf2 Rc7  1/2-1/2

[Event "BL2-O9293"]
[Site "Germany"]
[Date "1993.??.??"]
[Round "?"]
[White "Seyb, Dieter"]
[Black "Beuchler, Holger"]
[Result "1-0"]
[WhiteElo "2290"]
[BlackElo "2265"]

1.e4 c5 2.c3 Nf6 3.e5 Nd5 4.d4 cxd4 5.cxd4 d6 6.Bc4 Nb6 7.Bb3 dxe5 8.Qh5 e6
9.dxe5 Nc6 10.Nc3 Bb4 11.Bd2 Qd3 12.O-O-O Qf5 13.Qxf5 exf5 14.Nf3 Be6 15.Bxe6 fxe6
16.Nb5 Ke7 17.Bg5+ Kf7 18.a3 Bf8 19.Be3 Nd5 20.Ng5+ Ke7 21.Bc5+ Kd7 22.Bxf8 Raxf8
23.Nc3 Ne7 24.Rd3 a6 25.Rhd1 Rc8 26.Kb1 Rc5 27.b4 Rxc3 28.Rxc3 h6 29.Nf3 Nc6
30.Rc5 g5 31.Nd4 Nxd4 32.Rxd4 Rd8 33.Rdxd5+ exd5 34.Rxd5+ Ke7 35.Rxd8 Kxd8
36.Kc2 Ke7 37.Kd3 Ke6 38.Kd4 b6 39.f3 h5 40.g3 b5 41.f4  1-0

[Event "BL2-S9293"]
[Site "Germany"]
[Date "1993.??.??"]
[Round "?"]
[White "Dutschak, Hauke"]
[Black "Howell, James C"]
[Result "0-1"]
[WhiteElo "2335"]
[BlackElo "2470"]

1.e4 c5 2.c3 Nf6 3.d3 Nc6 4.f4 d5 5.e5 Ng8 6.Be3 d4 7.Bf2 Nh6 8.h3 f6 9.Nf3 Nf7
10.exf6 exf6 11.cxd4 cxd4 12.Nbd2 Bd6 13.Qe2+ Be7 14.g3 Nb4 15.Nb3 O-O 16.Qd2 Nxa2
17.Rxa2 Qd5 18.Bxd4 Qxf3 19.Rg1 Qd5 20.Qc3 Be6 21.Bg2 Qxb3 22.Rxa7 Bb4  0-1

[Event "BL2-N9293"]
[Site "Germany"]
[Date "1993.??.??"]
[Round "?"]
[White "Rahls, Peter"]
[Black "Bach, Matthias"]
[Result "1-0"]
[WhiteElo "2340"]
[BlackElo "2310"]

1.e4 c5 2.c3 Nf6 3.e5 Nd5 4.d4 cxd4 5.cxd4 e6 6.Nc3 Nxc3 7.bxc3 Qc7 8.Bd2 d6
9.f4 b6 10.Nf3 Bb7 11.Bd3 Nc6 12.O-O g6 13.Qe1 h6 14.d5 Nd8 15.Bb5+ Ke7 16.c4 a5
17.Qh4+ g5 18.Nxg5  1-0

[Event "BL2-N9293"]
[Site "Germany"]
[Date "1993.??.??"]
[Round "?"]
[White "Rabiega, Robert"]
[Black "Lagunow, Alexander"]
[Result "1-0"]
[WhiteElo "2420"]
[BlackElo "2450"]

1.e4 c5 2.c3 Nf6 3.e5 Nd5 4.Nf3 Nc6 5.Bc4 Nb6 6.Bb3 d5 7.exd6 exd6 8.d4 c4
9.Bc2 Bg4 10.O-O Be7 11.b3 d5 12.Nbd2 cxb3 13.axb3 O-O 14.Re1 Rc8 15.Ra2 Bd6
16.Nf1 Qf6 17.Qd3 Qg6 18.Qb5 Qh5 19.Bd1 f6 20.Ng3 Bxg3 21.hxg3 Rfe8 22.Rae2 Rxe2
23.Bxe2 Re8 24.Be3 Re7 25.Qc5 Qe8 26.Bb5 Qd7 27.Ra1 Nc8 28.Ne1 a6 29.Bxc6 Qxc6
30.Qxc6 bxc6 31.Rxa6 Rb7 32.b4 Bd7 33.Nd3 Ra7 34.Ra5 Kf7 35.Nc5 Be8 36.Bf4 Ke7
37.Bb8 Rxa5 38.bxa5 Bg6 39.Kf1 h5 40.Ke2 Bf5 41.Kd2 g5 42.Na4 Bd7 43.Nc5 Bf5
44.Kc1 h4 45.gxh4 gxh4 46.Kb2 h3 47.gxh3 Bxh3 48.Ka3 Bf1 49.Kb4 Be2 50.Bc7 Kf7
51.a6 Kg6 52.Bb8 Kf5 53.a7  1-0

[Event "BL2-N9293"]
[Site "Germany"]
[Date "1993.??.??"]
[Round "?"]
[White "Rabiega, Robert"]
[Black "Jirovsky, Milos"]
[Result "1-0"]
[WhiteElo "2420"]
[BlackElo "2430"]

1.e4 c5 2.c3 Nf6 3.e5 Nd5 4.Nf3 Nc6 5.Bc4 Nb6 6.Bb3 d5 7.exd6 Qxd6 8.O-O Be6
9.Na3 a6 10.Ng5 Nd8 11.Nxe6 Nxe6 12.Qf3 Qd7 13.Bxe6 fxe6 14.Qh5+ g6 15.Qe5 Rg8
16.Qxc5 Qd6 17.Qa5 Bg7 18.d4 Rf8 19.Qg5 Rf5 20.Qg4 e5 21.dxe5 Bxe5 22.g3 Qc6
23.Nc2 h5 24.Qe2 O-O-O 25.Be3 Nd5 26.f4 Bg7 27.Bd4 Bf8 28.Be5 e6 29.Rae1 h4
30.Qg2 hxg3 31.hxg3 g5 32.fxg5 Bc5+ 33.Nd4 Rxg5 34.Rf2 Bxd4 35.cxd4  1-0

[Event "BL2-W9293"]
[Site "Germany"]
[Date "1993.??.??"]
[Round "?"]
[White "Tamm, Ulrich"]
[Black "Matthaei, Alexander"]
[Result "1/2-1/2"]
[WhiteElo "2295"]
[BlackElo "2270"]

1.e4 c5 2.c3 Nf6 3.e5 Nd5 4.d4 e6 5.Nf3 cxd4 6.cxd4 Nc6 7.Bc4 Nc7 8.Nc3 Be7
9.O-O O-O 10.Qe2 d5 11.exd6 Qxd6 12.Rd1 Nb4 13.Ne4 Qd8 14.a3 Nbd5 15.Ne5 b6
16.Rd3 f5 17.Nc3 Bb7 18.Qh5 Qe8 19.Qe2 b5 20.Bxd5 Nxd5 21.Rh3 a6 22.Bd2 Rd8
23.Rd1 Bf6 24.Nxd5 Rxd5 25.Bb4 Bxe5 26.Bxf8 Qg6 27.f3 Bxd4+ 28.Rxd4 Kxf8
29.Rxd5 Bxd5 30.Qe5 Qg5 31.Qb8+ Kf7 32.Qc7+ Ke8 33.Qc8+ Kf7 34.Qc7+ Kg8 35.Qc8+ Kf7
36.Qc3 h6 37.Rg3 Qf6 38.Qxf6+ Kxf6 39.f4 g5 40.fxg5+ hxg5 41.Rc3 Bc4 42.Rh3 f4
43.Rh7 a5 44.a4 bxa4 45.Ra7 e5 46.Rxa5 Bb3 47.Kf2 g4 48.g3 Kf5 49.gxf4 Kxf4
50.Ra8 Ke4 51.Rd8 Kf4 52.Rf8+ Ke4 53.Rd8 Kf4 54.Rf8+ Ke4 55.Kg3 Bd1 56.Rd8 Be2
57.Kf2 Bc4 58.Kg3 Be2 59.Rc8 Ke3 60.Rc3+ Kd2 61.Rc5 e4 62.Kf4 Bd3 63.Re5 Kc2
64.Kxg4 Kxb2 65.Ra5 e3 66.Kf3 e2 67.Kf2  1/2-1/2

[Event "BL9293 (Women)"]
[Site "Germany"]
[Date "1993.??.??"]
[Round "?"]
[White "Bandziene, Rasa"]
[Black "Goehler, Antje"]
[Result "1/2-1/2"]
[WhiteElo "2100"]
[BlackElo "2135"]

1.e4 c5 2.c3 Nf6 3.e5 Nd5 4.d4 cxd4 5.cxd4 e6 6.Nf3 b6 7.Bd3 Be7 8.O-O Bb7
9.Nc3 O-O 10.Nxd5 Bxd5 11.Qc2 h6 12.Bd2 Nc6 13.Be4 Bxe4 14.Qxe4 d5 15.exd6 Qxd6
16.Bf4 Qd5 17.Qxd5 exd5 18.Rfe1 Bf6 19.Be5 Bxe5 20.Nxe5 Nxd4  1/2-1/2

[Event "BL9293 (Women)"]
[Site "Germany"]
[Date "1993.??.??"]
[Round "?"]
[White "Bandziene, Rasa"]
[Black "Nuenchert, Eveline"]
[Result "0-1"]
[WhiteElo "2100"]
[BlackElo "2115"]

1.e4 c5 2.c3 Nf6 3.e5 Nd5 4.g3 Nc6 5.Bg2 e6 6.Nh3 d6 7.exd6 Bxd6 8.O-O O-O
9.d3 Bd7 10.Ng5 f5 11.Bxd5 exd5 12.Qh5 h6 13.Qg6 hxg5 14.Qxd6 f4 15.Qxd5+ Kh8
16.Qf3 Ne5 17.Qe4 Qf6 18.d4 fxg3 19.hxg3 Nf3+ 20.Kg2 Bc6 21.d5 Rae8 22.Bxg5 Nxg5
23.Qd3 Bd7 24.Rh1+ Bh3+ 25.Rxh3+ Nxh3 26.Kxh3 Re1 27.f4 Qh6+ 28.Kg4 Rh1 29.Kf3 Qh5+
30.Kf2 Qh3 31.Qg6 Qf1+ 32.Ke3 Qe1+ 33.Kd3 b5 34.d6 Rh2 35.d7 Qe2+  0-1

[Event "BL2-N9293"]
[Site "Germany"]
[Date "1993.??.??"]
[Round "?"]
[White "Hedke, Fred"]
[Black "Heinig, Wolfram"]
[Result "1-0"]
[WhiteElo "2320"]
[BlackElo "2315"]

1.e4 c5 2.c3 Nf6 3.e5 Nd5 4.d4 cxd4 5.Nf3 Nc6 6.Bc4 Nb6 7.Bb3 d5 8.exd6 Qxd6
9.O-O Be6 10.Bxe6 Qxe6 11.Nxd4 Nxd4 12.Qxd4 Rd8 13.Qh4 Qe2 14.Nd2 g6 15.a4 a5
16.Qg5 Nd5 17.Nb3 h6 18.Qh4 Bg7 19.Nd4 Qc4 20.Qh3 Bxd4 21.cxd4 Qxd4 22.Ra3 h5
23.Qf3 Qg4 24.Qd3 O-O 25.Qb5 Qb4 26.Qe2 Kh7 27.h3 Rd6 28.Qf3 Rd7 29.Rd1 e6
30.g4 hxg4 31.hxg4 Rh8 32.Kg2 Kg8 33.Rc3 Qf8 34.Bg5 f6 35.Qe4 Qf7 36.Rf3 Kg7
37.Bxf6+ Nxf6 38.Rxd7 Qxd7 39.Qe5 Qe7  1-0

[Event "BL2-N9293"]
[Site "Germany"]
[Date "1993.??.??"]
[Round "?"]
[White "Blauert, Joerg"]
[Black "Lagunow, Alexander"]
[Result "1-0"]
[WhiteElo "2395"]
[BlackElo "2450"]

1.e4 c5 2.c3 Nf6 3.e5 Nd5 4.d4 cxd4 5.Nf3 Nc6 6.Bc4 Nb6 7.Bb3 d5 8.exd6 Qxd6
9.O-O Be6 10.Na3 dxc3 11.Qe2 Bxb3 12.Nb5 Qb8 13.axb3 e5 14.Nfd4 g6 15.Nxc6 bxc6
16.Nxa7 Qc7 17.Be3 Be7 18.Nb5 Qb8 19.Nc7+ Qxc7 20.Bxb6 Qb7 21.Rxa8+ Qxa8
22.Qxe5 f6 23.Qe6 cxb2 24.Bc5 Qb7 25.Re1 b1=Q 26.Rxb1 Qd7 27.Re1  1-0

[Event "BL2-N9293"]
[Site "Germany"]
[Date "1993.??.??"]
[Round "?"]
[White "Blauert, Joerg"]
[Black "Jirovsky, Milos"]
[Result "1/2-1/2"]
[WhiteElo "2395"]
[BlackElo "2430"]

1.e4 c5 2.c3 Nf6 3.e5 Nd5 4.d4 cxd4 5.Nf3 Nc6 6.Bc4 Nb6 7.Bb3 d5 8.exd6 Qxd6
9.O-O Be6 10.Na3 dxc3 11.Qe2 Bxb3 12.Nb5 Qb8 13.axb3 e5 14.Nfd4 Nxd4 15.Nxd4 f6
16.bxc3 Kf7 17.Nb5 a6 18.Be3 axb5 19.Bxb6 Rxa1 20.Rxa1 Qe8 21.Ra5 Qc6 22.Qxb5 Qxc3
23.Qd5+ Kg6 24.g4 Qc6 25.Qxc6 bxc6 26.Ra8 Kf7 27.Bc5 h6 28.Ra7+ Kg6 29.Ra8 Kf7
30.Ra7+  1/2-1/2

[Event "Oberliga Nord N9293"]
[Site "Germany"]
[Date "1993.??.??"]
[Round "?"]
[White "Kleeschaetzky, Rainer"]
[Black "Mach, Holger"]
[Result "1-0"]
[WhiteElo "2270"]
[BlackElo "2235"]

1.e4 c5 2.c3 Nf6 3.e5 Nd5 4.d4 cxd4 5.Nf3 Nc6 6.cxd4 d6 7.Bc4 Nb6 8.Bb5 dxe5
9.Nxe5 Bd7 10.Nc3 Nxe5 11.dxe5 Bxb5 12.Nxb5 Qxd1+ 13.Kxd1 Nd5 14.Ke2 a6 15.Rd1 O-O-O
16.Nd4 e6 17.Bd2 Be7 18.Rac1+ Kb8 19.g3 Rd7 20.Ba5 g5 21.Nb3 h5 22.Rc4 g4
23.Rdc1 Rg8 24.a3 Bg5 25.R1c2 b6 26.Bd2 Ne7 27.Nd4 Bxd2 28.Rxd2 Rgd8 29.f4 gxf3+
30.Nxf3 Kb7 31.Rxd7+ Rxd7 32.Rh4 Rc7 33.Kd2 Rd7+ 34.Kc2 Nf5 35.Rxh5 Kc6 36.Rh8 Ne3+
37.Kb1 Kd5 38.Rh4 Nf5 39.Rb4 b5 40.g4 Ne3 41.Rd4+ Kc6 42.Rxd7 Kxd7 43.g5 Nf5
44.h4 Ng7 45.Nd4 Ke8 46.Kc2  1-0

[Event "Gladsaxe"]
[Site "Gladsaxe"]
[Date "1993.??.??"]
[Round "1"]
[White "Nielsen, Soren"]
[Black "Christensen, Esben"]
[Result "0-1"]
[WhiteElo "1845"]
[BlackElo "2035"]

1.e4 c5 2.c3 Nf6 3.e5 Nd5 4.d4 cxd4 5.Nf3 e6 6.cxd4 b6 7.Nc3 Nxc3 8.bxc3 Qc7
9.Bd2 Bb7 10.Bd3 d6 11.O-O Nd7 12.Re1 Be7 13.h3 O-O 14.Rc1 g6 15.Ng5 dxe5
16.Nxh7 Kxh7 17.Qh5+ Kg8 18.Bxg6 Nf6 19.Qg5 fxg6 20.Qxg6+ Kh8 21.Rxe5 Nh7
22.Rh5 Ba3 23.Bg5 Bxc1  0-1

[Event "Goch op"]
[Site "Goch"]
[Date "1993.??.??"]
[Round "7"]
[White "Thanner, Hans Peter"]
[Black "Riedel, Holger"]
[Result "1-0"]
[WhiteElo "2120"]
[BlackElo "2210"]

1.e4 c5 2.c3 Nf6 3.e5 Nd5 4.d4 cxd4 5.Nf3 e6 6.cxd4 d6 7.Bd3 Nc6 8.a3 Bd7
9.O-O Qb6 10.Be4 dxe5 11.Bxd5 exd5 12.dxe5 Be6 13.Nc3 Rd8 14.Bg5 Rd7 15.b4 h6
16.Bh4 g5 17.Bg3 Be7 18.Na4 Qb5 19.Rc1 d4 20.Nc5 Rd5 21.Nxe6 fxe6 22.a4 Qxb4
23.Rb1 Qc3 24.Rb3 Qc4 25.Rxb7 Qa6 26.Rb5 Rd7 27.Qb3 Kf7 28.Nd2 Nd8 29.f4 Kg7
30.f5 exf5 31.Rxf5 Ne6 32.Qf3 Rf8 33.Rxf8 Nxf8 34.Rb1 Qxa4 35.Rf1 Qa2 36.Nb3 d3
37.e6  1-0

[Event "GRE-ch"]
[Site "GRE"]
[Date "1993.??.??"]
[Round "4"]
[White "Pandavos, Emanouel"]
[Black "Kofidis, Andreas"]
[Result "0-1"]
[WhiteElo "2335"]
[BlackElo "2400"]

1.e4 c5 2.c3 Nf6 3.e5 Nd5 4.d4 cxd4 5.Nf3 Nc6 6.Bc4 Nb6 7.Bb3 d6 8.exd6 Qxd6
9.O-O Bf5 10.cxd4 Rd8 11.Nc3 e6 12.Be3 Be7 13.Qe2 O-O 14.Rfd1 Na5 15.d5 Nxb3
16.axb3 Nxd5 17.Nxd5 exd5 18.Rxa7 Bc8 19.Bd4 Rfe8 20.Re1 Kf8 21.Qd2 Kg8 22.Raa1 Bf8
23.Qd3 Bd7 24.Bc3 f6 25.Rad1 Rxe1+ 26.Rxe1 Be8 27.Nd4 Bg6 28.Qh3 Bf7 29.Nf5 Qd7
30.Qf3 Bg6 31.Nd4 Be4 32.Qd1 Bc5 33.b4 Ba7 34.h3 h6 35.Qh5 Kh7 36.Qg4 f5
37.Qf4 Bb8 38.Qd2 Qd6 39.g3 Qg6 40.Kh2 f4 41.Rg1 fxg3+ 42.fxg3 Rf8 43.Qe3 Qg5
44.Re1 Qh4 45.Rg1 g5 46.Ne2 g4  0-1

[Event "Groningen op"]
[Site "Groningen"]
[Date "1993.??.??"]
[Round "4"]
[White "Sermek, Drazen"]
[Black "Dvoirys, Semen I"]
[Result "1-0"]
[WhiteElo "2460"]
[BlackElo "2590"]

1.e4 c5 2.c3 Nf6 3.e5 Nd5 4.d4 cxd4 5.Nf3 Nc6 6.Bc4 Nb6 7.Bb3 d5 8.exd6 Qxd6
9.Na3 a6 10.O-O e6 11.Nxd4 Nxd4 12.cxd4 Be7 13.Qf3 O-O 14.Rd1 Qd8 15.Nc2 a5
16.a4 Bd7 17.Ne3 Bc6 18.d5 exd5 19.Nxd5 Nxd5 20.Bxd5 Qb6 21.Be3 Qxb2 22.Bxc6 bxc6
23.Bd4 Qb7 24.Rab1 Bb4 25.Bxg7 Kxg7 26.Qg4+ Kh8 27.Rd7 Qb6 28.Qf5 c5 29.Qe5+ Kg8
30.Rd6 Qxd6 31.Qxd6 c4 32.Qf6 c3 33.h4 Rae8 34.h5 Re6 35.Qg5+ Kh8 36.h6 Rg6
37.Qe5+ Kg8 38.Qe3 Rc8 39.Rc1 Kf8 40.Qd4 Kg8 41.Rc2 Re8 42.Qh4 Re1+ 43.Kh2 Bf8
44.Qd8 Rxh6+ 45.Kg3 Rg6+ 46.Kf3 Kg7 47.g3 Bb4 48.Kg2 Rd6 49.Qc7 Rd3 50.Qc4 Red1
51.Qg4+ Kf8 52.Re2 h6 53.Re4 Rd6 54.Qf5 R1d4 55.Re3 Kg7 56.Qe5+ Kg8 57.Rf3 Rd7
58.Rf6 Bf8 59.Rc6 Rxa4 60.Rc8 c2 61.Qe8  1-0

[Event "Groningen op"]
[Site "Groningen"]
[Date "1993.??.??"]
[Round "7"]
[White "Yagupov, Igor"]
[Black "Tratar, Marko"]
[Result "1-0"]
[WhiteElo "2425"]
[BlackElo "2290"]

1.e4 c5 2.c3 Nf6 3.e5 Nd5 4.d4 cxd4 5.Nf3 Nc6 6.cxd4 d6 7.Bc4 Nb6 8.Bb3 dxe5
9.d5 Na5 10.Nc3 Nxb3 11.Qxb3 e6 12.Nxe5 Nxd5 13.Qb5+ Bd7 14.Qxb7 Nxc3 15.bxc3 Qc8
16.Qf3 f6 17.Nxd7 Kxd7 18.O-O Bc5 19.Rb1 Rb8 20.Rxb8 Qxb8 21.Qh5 Qf8 22.Rd1+ Kc7
23.Ba3  1-0

[Event "Groningen op"]
[Site "Groningen"]
[Date "1993.??.??"]
[Round "8"]
[White "Michelakis, George"]
[Black "Dvoirys, Semen I"]
[Result "0-1"]
[WhiteElo "2355"]
[BlackElo "2590"]

1.e4 c5 2.c3 Nf6 3.e5 Nd5 4.d4 cxd4 5.Nf3 Nc6 6.Bc4 Nb6 7.Bb3 d5 8.exd6 Qxd6
9.Na3 a6 10.O-O e6 11.cxd4 Be7 12.Re1 Bd7 13.Re4 Nd5 14.Nc4 Qc7 15.Nce5 O-O
16.Bd2 Rac8 17.Rc1 Qd6 18.Nxd7 Qxd7 19.Qe2 Rfd8 20.Re1 Bf6 21.Ne5 Qc7 22.Bc3 Bxe5
23.dxe5 Nxc3 24.bxc3 Na5 25.Re3 b5 26.Rh3 Nxb3 27.axb3 Rd5 28.Rg3 Rc5 29.h4 Rxc3
30.Qg4 Rxg3 31.Qxg3 a5 32.h5 h6 33.Kh2 Qc2 34.Qf3 a4 35.bxa4 bxa4 36.Re2 Qf5
37.Qxf5 exf5 38.Kg3 Ra8 39.Ra2 Kf8 40.Kf4 g6 41.hxg6 fxg6 42.Ke3 g5 43.f4 Ke7
44.g3 Ke6 45.Kd4 Ra5 46.Kc4 h5 47.Kd4 h4 48.fxg5 h3 49.Ke3 h2 50.Ra1 Ra8
51.g6 Kxe5 52.Kf2 a3 53.Kg2 Kf6 54.Ra2 Kxg6 55.Kxh2 Kf6 56.Kg2 Ke5 57.Kf3 Kd4
58.Kf4 Ra5 59.Kg5 Kc4 60.Kf4 Kb3 61.Ra1 a2 62.Rf1 Kb2 63.Rf2+ Kc3  0-1

[Event "Wichern op"]
[Site "Hamburg"]
[Date "1993.??.??"]
[Round "2"]
[White "Rabiega, Robert"]
[Black "Bartels, Holger"]
[Result "1-0"]
[WhiteElo "2455"]
[BlackElo "2175"]

1.e4 c5 2.c3 Nf6 3.e5 Nd5 4.Nf3 e6 5.d4 cxd4 6.cxd4 Nc6 7.a3 Be7 8.Bd3 O-O
9.O-O d6 10.Qe2 dxe5 11.dxe5 Bd7 12.Qe4 g6 13.Bh6 Re8 14.Nbd2 Bf8 15.Bg5 Qc7
16.Rac1 Rac8 17.Qh4 Qb8 18.Rce1 b5 19.Ne4 Nce7 20.g4 b4 21.Bh6  1-0

[Event "Hania op"]
[Site "Hania"]
[Date "1993.??.??"]
[Round "6"]
[White "Tzermiadianos, Andreas"]
[Black "Kalesis, Nikolaos"]
[Result "1-0"]
[WhiteElo "2315"]
[BlackElo "2410"]

1.e4 c5 2.c3 Nf6 3.e5 Nd5 4.d4 cxd4 5.Nf3 Nc6 6.Bc4 Nb6 7.Bb3 d5 8.exd6 Qxd6
9.O-O Be6 10.Na3 Bxb3 11.Qxb3 Qd5 12.Nb5 Rc8 13.Nfxd4 Nxd4 14.Nxd4 e6 15.Rd1 Bc5
16.Qb5+ Ke7 17.Qe2 Rhd8 18.Qg4 Bxd4 19.Rxd4 Qe5 20.Bg5+ f6 21.Bf4 Qf5 22.Qxg7+ Ke8
23.Bd6  1-0

[Event "Harkany op"]
[Site "Harkany"]
[Date "1993.??.??"]
[Round "2"]
[White "Fleuch, Hans Juergen"]
[Black "Sarosi, Zoltan"]
[Result "0-1"]
[WhiteElo "2155"]
[BlackElo "2355"]

1.e4 c5 2.c3 Nf6 3.e5 Nd5 4.d4 cxd4 5.Nf3 Nc6 6.cxd4 d6 7.exd6 Qxd6 8.Nc3 Bg4
9.Be2 e6 10.O-O Be7 11.Ne4 Qc7 12.Ng3 O-O 13.h3 Bxf3 14.Bxf3 Rfd8 15.Ne2 Bf6
16.Be3 Qb6 17.Qa4 Nxe3 18.fxe3 Qxb2 19.Qb3 Qxb3 20.axb3 Bg5 21.Kf2 Ne7 22.Bxb7 Rab8
23.Rxa7 Nf5 24.Rfa1 Bxe3+ 25.Kf1 Nxd4 26.Ra8 Nxb3 27.Rxb8 Rxb8 28.Ra8 Rxa8
29.Bxa8 f5 30.Ng3 Nd4 31.Ne2 Kf7 32.Nxd4 Bxd4 33.Ke2 Kf6 34.Bb7 Bb6 35.Kf3 e5
36.Bd5 e4+ 37.Ke2 Ke5 38.Bg8 h6 39.Bh7 Bd8 40.Bg6 Bh4 41.Be8 Bg3 42.Bd7 Kf6
43.Be8 g6 44.Kf1 h5 45.Bb5 h4 46.Bc4 g5 47.Be2 Bd6 48.Bh5 Ke5 49.Be8 Be7
50.Bf7 g4 51.Be8 gxh3 52.gxh3 f4  0-1

[Event "Herzliya"]
[Site "Herzliya"]
[Date "1993.??.??"]
[Round "9"]
[White "Afek, Yochanan"]
[Black "Godes, Dmitry R"]
[Result "1-0"]
[WhiteElo "2430"]
[BlackElo "2430"]

1.e4 c5 2.c3 Nf6 3.e5 Nd5 4.Nf3 Nc7 5.d4 cxd4 6.cxd4 d5 7.Nc3 Bg4 8.Qb3 Bc8
9.Bd3 Nc6 10.O-O g6 11.Be3 Bg7 12.Ne1 O-O 13.f4 Rb8 14.f5 Nxe5 15.dxe5 d4
16.f6 Be6 17.Qb4 exf6 18.exf6 Bxf6 19.Ne4 Bg7 20.Bf2 Nd5 21.Qa3 Ne3 22.Qxa7 Nxf1
23.Bxf1 Bd5 24.Nd2 Ra8 25.Qc5 Rxa2 26.Rxa2 Bxa2 27.b3 Bh6 28.Ndf3 d3 29.Bd4 Re8
30.Bxd3 Bd2 31.Nxd2 Rxe1+ 32.Kf2 Re6 33.Bc4 Rd6 34.Nf3 b5 35.Be5 Ra6 36.Qxb5 Ra5
37.Qb7 Qe8 38.Ng5  1-0

[Event "Hlohovec op"]
[Site "Hlohovec"]
[Date "1993.??.??"]
[Round "?"]
[White "Obodchuk, Andrei"]
[Black "Vasiliev, Rustam N"]
[Result "1/2-1/2"]
[WhiteElo "2365"]
[BlackElo "2380"]

1.e4 c5 2.c3 Nf6 3.e5 Nd5 4.d4 cxd4 5.Nf3 e6 6.cxd4 d6 7.Nc3 Nxc3 8.bxc3 Bd7
9.Bd3 Bc6 10.O-O Nd7 11.Re1 dxe5 12.Nxe5 Nxe5 13.Rxe5 Bd6 14.Rh5 g6 15.Rh3 Be7
16.Bh6 Bf6 17.Qg4 Qd5 18.Re3 Rd8 19.Be4 Qc4 20.Bxc6+ Qxc6 21.Qf4 Be7 22.Rf3 f6
23.Bg7 Rg8 24.Bxf6 Rf8 25.Qh4 Rxf6 26.Rxf6 Qxc3 27.Rd1 Rd6 28.g3 e5  1/2-1/2

[Event "HUN-chT"]
[Site "HUN"]
[Date "1993.??.??"]
[Round "?"]
[White "Bezdan, Tibor"]
[Black "Banas, Jan"]
[Result "0-1"]
[WhiteElo "2290"]
[BlackElo "2370"]

1.e4 c5 2.c3 Nf6 3.e5 Nd5 4.d4 cxd4 5.Nf3 e6 6.cxd4 d6 7.Nc3 Nxc3 8.bxc3 Qc7
9.Bd2 Nd7 10.exd6 Bxd6 11.Bd3 b6 12.O-O Bb7 13.c4 O-O 14.Ng5 Nf6 15.f4 h6
16.Nh3 Be4 17.Qe2 Bxd3 18.Qxd3 Rac8 19.Rac1 Rfd8 20.Kh1 Bc5 21.Be3 Rd7 22.Qc3 Be7
23.Qb3 Ng4 24.Bg1 Bf6 25.Rfd1 Qc6 26.Qf3 h5 27.Ng5 g6 28.Ne4 Be7 29.c5 b5
30.Rb1 a6 31.a4 bxa4 32.Rb6 Qd5 33.Rdb1 Ra7 34.Nc3 Qxf3 35.gxf3 Nf6 36.Ra1 Bd8
37.Rbb1 Ba5 38.Nxa4 Nd5 39.Nb6 Bxb6 40.cxb6 Rb7 41.Rxa6 Rcb8 42.Bf2 Rxb6
43.Rbxb6 Nxb6 44.Kg2 Nd5 45.Kg3 Kg7 46.Ra2 Rh8 47.h4 Rc8 48.Rd2 Rc4 49.Re2 Kf6
50.Re1 Rc2 51.Re4 Ke7 52.Be1 Kd7 53.Bf2 Ne7 54.f5 Nxf5+ 55.Kg2 Ne7 56.Re1 Kd6
57.Re5 Nc6 58.Re4 f5 59.Re1 Rd2 60.Kg3 Nxd4 61.Be3 Re2 62.Rxe2 Nxe2+ 63.Kf2 Nc3
64.Bd4 Nd5 65.Bg7 e5 66.Bh6 Ke6 67.Bg5 e4 68.Ke2 Ke5 69.Kf2 f4 70.Ke2 Nc7
71.Bh6 Ne6  0-1

[Event "HUN-chT2"]
[Site "HUN"]
[Date "1993.??.??"]
[Round "?"]
[White "Gosztola, Istvan"]
[Black "Varga, Zalan"]
[Result "1/2-1/2"]
[WhiteElo "2265"]
[BlackElo "2275"]

1.e4 c5 2.c3 Nf6 3.e5 Nd5 4.d4 cxd4 5.Bc4 Qc7 6.Qe2 Nb6 7.Bb3 Nc6 8.Nf3 d5
9.exd6 Qxd6 10.O-O d3 11.Qe3 Bf5 12.Nh4 Qd7 13.Qf3 Be6 14.Bxe6 Qxe6 15.Qxd3 g6
16.Nf3 Rd8 17.Qc2 Bg7 18.Na3 O-O 19.Bg5 Nc4 20.Nxc4 Qxc4 21.Rfe1 Rd7 22.Qe2 Qxe2
23.Rxe2 e6 24.Kf1 Na5 25.Rd2 Rxd2 26.Nxd2 h6 27.Be3 b6 28.Ke2 Rc8 29.Rd1 Kf8
30.Ne4 Ke7 31.Nd6 Ra8 32.Nb5 Nc4 33.Bc1 a6 34.Nd4 Rc8 35.b3 Ne5 36.Ba3+ Ke8
37.c4 Nc6 38.Nf3 Rd8 39.Rxd8+ Kxd8 40.Ke3 Kd7 41.h3 Bc3 42.g4 Bf6 43.Bf8 h5
44.g5 Bb2 45.Ke4 a5 46.Ne1 Bc1 47.f4 Nb4 48.Bxb4 axb4 49.Nd3 Bd2 50.c5 bxc5
51.Nxc5+ Kd6 52.Nb7+ Kc7 53.Na5 Kd7 54.Nc4 Bc1 55.Ne5+ Ke8 56.Nd3 Bd2  1/2-1/2

[Event "HUN-chT2"]
[Site "HUN"]
[Date "1993.??.??"]
[Round "?"]
[White "Galyas, Miklos"]
[Black "Nagy, Zoltan"]
[Result "0-1"]
[WhiteElo "2205"]
[BlackElo "2285"]

1.e4 c5 2.c3 Nf6 3.e5 Nd5 4.d4 cxd4 5.Nf3 e6 6.cxd4 b6 7.Nc3 Nxc3 8.bxc3 Qc7
9.Bd2 Bb7 10.Bd3 d6 11.O-O Nd7 12.Re1 Be7 13.Rc1 O-O 14.Bf4 g6 15.h4 Rfd8
16.h5 dxe5 17.Nxe5 Bd6 18.hxg6 hxg6 19.Qg4 Nxe5 20.Bxe5 Bxe5 21.Rxe5 Kg7
22.Rc2 Rh8 23.c4 Rh6  0-1